000
00271nam a2200109Ia 4500
008
190914s9999||||xx |||||||||||||| ||und||
100
_a
M. Saeed Nasir
245
0
_a
Economics Of Pakistan For B.Com & B.A
260
_a
Canada
_b
Pearson
_c
2005
300
_a
350
942
_c
BK
999
_c
9850
_d
9850